|
|
|
|
| LEADER |
00000nam0a2200000 4500 |
| 001 |
268703 |
| 005 |
20231101234206.0 |
| 010 |
|
|
|a 9785971012375
|
| 035 |
|
|
|a (RuTPU)RU\TPU\book\291857
|
| 090 |
|
|
|a 268703
|
| 100 |
|
|
|a 20140908d2014 k y0rusy50 ca
|
| 101 |
0 |
|
|a rus
|
| 102 |
|
|
|a RU
|
| 105 |
|
|
|a a z 001zy
|
| 200 |
1 |
|
|a Физика моря
|f В. В. Шулейкин
|
| 205 |
|
|
|a 5-е изд.
|
| 210 |
|
|
|a Москва
|c ЛЕНАНД
|d 2014
|
| 215 |
|
|
|a 1082 с.
|c ил.
|
| 320 |
|
|
|a Библиогр.: с. 1056-1068.
|
| 320 |
|
|
|a Именной указатель: с. 1069-1071.
|
| 320 |
|
|
|a Предметный указатель: с. 1072-1077.
|
| 330 |
|
|
|a Настоящая книга, посвященная различным вопросам физики моря, включает в себя итоги важнейших, преимущественно отечественных исследований, а также наиболее существенных иностранных. В книге рассматриваются теория морских течений, приливы и другие длинные волны, вопросы термики, оптики, акустики и биологической физики моря, физические корни климата и погоды и др. В главе «Кинематика, динамика и расчет ветровых волн» приведены результаты отечественных исследований, позволивших заложить физические основы расчета и прогноза элементов ветровых волн по заданной скорости ветра, времени его воздействия, расстоянию с наветренной границы шторма, заданной глубине моря — при заданной обеспеченности волн. Глава «Магнитные и электрические явления в море» посвящена явлениям, которые представляют большой интерес как в теоретическом, так и в практическом отношении и требуют постановки все новых и новых исследований в океане и во внутренних морях. Монография рассчитана в основном на исследователей в области физики моря, в сопредельных областях геофизики и физической океанографии, а также на практиков (работников морских обсерваторий, морских экспедиций), на аспирантов, студентов старших курсов соответствующего профиля в университетах и других высших учебных заведениях.
|
| 606 |
1 |
|
|a Моря
|x Физика
|2 stltpush
|3 (RuTPU)RU\TPU\subj\44438
|9 63762
|
| 610 |
1 |
|
|a морские течения
|
| 610 |
1 |
|
|a приливные волны
|
| 610 |
1 |
|
|a длинные волны
|
| 610 |
1 |
|
|a ветровые волны
|
| 610 |
1 |
|
|a кинематика
|
| 610 |
1 |
|
|a динамика
|
| 610 |
1 |
|
|a термины
|
| 610 |
1 |
|
|a климат
|
| 610 |
1 |
|
|a погода
|
| 610 |
1 |
|
|a оптика
|
| 610 |
1 |
|
|a акустика
|
| 610 |
1 |
|
|a молекулярная физика
|
| 610 |
1 |
|
|a биологическая физика
|
| 610 |
1 |
|
|a магнитные явления
|
| 610 |
1 |
|
|a электрические явления
|
| 675 |
|
|
|a 551.463
|v 3
|
| 700 |
|
1 |
|a Шулейкин
|b В. В.
|g Василий Владимирович
|
| 801 |
|
1 |
|a RU
|b 63413507
|c 20140908
|
| 801 |
|
2 |
|a RU
|b 63413507
|c 20141110
|g RCR
|
| 942 |
|
|
|c BK
|
| 959 |
|
|
|a 125/20140905
|d 1
|e 1799,00
|f ЧЗТЛ:1
|